Age, race and ethnicity : a comparative approach

Αποθηκεύτηκε σε:
Λεπτομέρειες βιβλιογραφικής εγγραφής
Κύριος συγγραφέας: Blakemore, Kenneth 1948-
Άλλοι συγγραφείς: Boneham, Margaret 1949-
Μορφή: Βιβλίο
Γλώσσα:English
Δημοσίευση: Buckingham : Open University Press, c1996
Σειρά:Rethinking ageing series
Θέματα:
Ετικέτες: Προσθήκη ετικέτας
Δεν υπάρχουν, Καταχωρήστε ετικέτα πρώτοι!

MARC

LEADER 00000nam a2200000 i 4500
001 1/24485
008 981201s1996 eng d
020 |a 0-335-19086-3 
035 |l 10037102 
040 |a GR-MY-UA  |b gre  |e aacr 
041 0 |a eng 
082 0 |a 305.260941 
100 1 |a Blakemore, Kenneth  |d 1948- 
245 1 0 |a Age, race and ethnicity :  |b a comparative approach /  |c Ken Blakemore and Margaret Boneham 
260 |a Buckingham :   |b Open University Press,   |c c1996 
300 |a 154 p. 
490 1 |a Rethinking ageing series 
504 |a Includes bibliographical references and index 
650 0 0 |a Minority aged  |z Great Britain. 
650 0 0 |a Minority aged  |x Services for  |z Great Britain. 
650 0 0 |a Immigrants  |z Great Britain. 
650 0 0 |a East Indians  |z Great Britain. 
650 0 0 |a Jamaicans  |z Great Britain. 
650 0 0 |a Asians  |z Great Britain. 
700 1 |a Boneham, Margaret  |d 1949- 
830 0 |a Rethinking ageing series 
852 |a INST  |b LESVOS  |e 19981201  |h 305.260941 BLA  |p 005100018206  |q 005100018206  |t BK  |y 0 
901 |a BIBL-1999-1 
909 |a Λ  |b 059902 
922 |a 1ΕΛΗ  |b 199810  |c ΚΠΣ/ΤΚ  |d ΠΑΠΑΣΩΤΗΡΙΟΥ 
950 |a 103-1998-07-27